Ellis Island / (Record no. 1960)

MARC details
000 -LEADER
fixed length control field 01246cam a22003494a 4500
001 - CONTROL NUMBER
control field 1960
003 - CONTROL NUMBER IDENTIFIER
control field FISKH
005 - DATE AND TIME OF LATEST TRANSACTION
control field 20231020153906.0
008 - FIXED-LENGTH DATA ELEMENTS--GENERAL INFORMATION
fixed length control field 040512s2005 nyua j b 001 0 eng
010 ## - LIBRARY OF CONGRESS CONTROL NUMBER
LC control number 2004011131
020 ## - INTERNATIONAL STANDARD BOOK NUMBER
International Standard Book Number 0516236253
020 ## - INTERNATIONAL STANDARD BOOK NUMBER
International Standard Book Number 9780531208335
040 ## - CATALOGING SOURCE
Original cataloging agency DLC
Transcribing agency DLC
Modifying agency DLC
Language of cataloging eng
042 ## - AUTHENTICATION CODE
Authentication code pcc
043 ## - GEOGRAPHIC AREA CODE
Geographic area code n-us-ny
-- n-us-nj
-- n-us---
050 00 - LIBRARY OF CONGRESS CALL NUMBER
Classification number JV6484
Item number .J36 2005
082 00 - DEWEY DECIMAL CLASSIFICATION NUMBER
Classification number 304.8/73
Edition number 22
100 1# - MAIN ENTRY--PERSONAL NAME
Personal name Jango-Cohen, Judith.
245 10 - TITLE STATEMENT
Title Ellis Island /
Statement of responsibility, etc. Judith Jango-Cohen.
260 ## - PUBLICATION, DISTRIBUTION, ETC.
Place of publication, distribution, etc. New York :
Name of publisher, distributor, etc. Scholastic,
Date of publication, distribution, etc. 2005.
300 ## - PHYSICAL DESCRIPTION
Extent 48 pages :
Other physical details color illustrations ;
Dimensions 25 cm
440 #0 - SERIES STATEMENT/ADDED ENTRY--TITLE
Title Cornerstones of freedom.
Number of part/section of a work Second series
505 ## - FORMATTED CONTENTS NOTE
Formatted contents note W<br/>
520 ## - SUMMARY, ETC.
Summary, etc. Dramatic and defining moments in American history come vividly the life in the Cornerstones of Freedom series.
521 8# - TARGET AUDIENCE NOTE
Target audience note 880<br/>
Source Lexile<br/>
521 8# - TARGET AUDIENCE NOTE
Target audience note W<br/>
Source Raz-Plus<br/>
610 20 - SUBJECT ADDED ENTRY--CORPORATE NAME
Corporate name or jurisdiction name as entry element Ellis Island Immigration Station (N.Y. and N.J.)
General subdivision History
Form subdivision Juvenile literature.
650 #0 - SUBJECT ADDED ENTRY--TOPICAL TERM
Topical term or geographic name entry element Immigrants
Geographic subdivision United States
General subdivision History
Chronological subdivision 20th century
Form subdivision Juvenile literature.
651 #0 - SUBJECT ADDED ENTRY--GEOGRAPHIC NAME
Geographic name United States
General subdivision Emigration and immigration
-- History
Chronological subdivision 20th century
Form subdivision Juvenile literature.
906 ## - LOCAL DATA ELEMENT F, LDF (RLIN)
a 7
b cbc
c orignew
d 1
e ecip
f 20
g y-gencatlg
942 ## - ADDED ENTRY ELEMENTS (KOHA)
Source of classification or shelving scheme Dewey Decimal Classification
Koha item type Books
Suppress in OPAC No
Holdings
Withdrawn status Lost status Source of classification or shelving scheme Damaged status Not for loan Collection Home library Current library Shelving location Date acquired Total Checkouts Full call number Barcode Date last seen Price effective from Koha item type
    Dewey Decimal Classification     Non-Fiction Footprints International School Library Network Toul Kork Campus Footprints International School Library Network Toul Kork Campus A TK Campus, 4th Floor, Room B401, Non-Fiction Bookcases(7-8) 10/20/2023   JAN 304.8 JV6484.J36 FISTK05597 10/20/2023 10/20/2023 Books